Por quién doblan las campanas /

Guardado en:
Bibliografiske detaljer
Hovedforfatter: Hemingway, Ernest (autor)
Format: Bog
Udgivet: México : Editores Mexicanos Unidos, 1987, c1987
Udgivelse:6a edición
Fag:
Tags: Tilføj Tag
Ingen Tags, Vær først til at tagge denne postø!

MARC

LEADER 00000nam^a2200000^a^4500
001 000205868
005 20250521000000.0
009 20260310103131.764
020 |a 968-15-0205-1 
025 |a Donación ITESO, 1 ejemplar 
037 |a Acervo Xavier Clavigero 
082 |a 813.  |b HEM 
100 |a Hemingway, Ernest  |e (autor) 
240 1 1 |a [Por quién doblan las campanas] 
245 1 0 |a Por quién doblan las campanas /  |c E. Hemingway ; tr. por Silvia Saldívar. 
250 |a 6a edición 
264 4 |a México :  |b Editores Mexicanos Unidos,  |c 1987, c1987 
300 |a 453 p. 
336 |a texto  |b txt  |2 rdacontenido 
337 |a sin mediación  |b n  |2 rdamedio 
338 |a volumen  |b nc  |2 rdasoporte 
500 |a Traducción de: For Whom the Bell Tolls 
545 0 |a Ernest Hemingway (1899-1961), escritor norteamericano. Premio Nobel de Literatura en 1954. Corresponsal extranjero en el Oriente y Grecia, fue un protagonista fundamental del París de los 20, período evocado en París era una fiesta (libro póstumo de 1964). Radicó por largas temporadas en Cuba. Sus títulos incluyen: En nuestro tiempo (1925); Aguas primaverales (1926); Ahora brilla el sol (Fiesta 1926); Adiós a las armas (1929); Muerte en la tarde (1932); Las verdes colinas de Africa (1935), Por quién doblan las campanas (1940) y El viejo y el mar (1952), entre otros. 
586 |a Premio Nobel de Literatura 1954 
649 |a XX 
650 |a Novela Política 
650 |a Novela Norteamericana 
650 |a Literatura y Política 
650 |a Literatura Norteamericana -  |y Siglo XX 
650 |a España en la Literatura 
650 |a España -  |x Historia -  |y Guerra Civil, 1936-1939 -  |x Tema Principal 
650 |a España -  |x Historia -  |y República, 1931-1939 
650 |a España -  |x Historia -  |y Siglo XX 
910 |a Fondo General 
920 |a Impresos - Libros 
930 |a Colección General 
940 |a Literatura 
905 |a 101 
901 |a 0500233864  |b IT1  |c LIT  |i D60157  |u 20250521 
902 |a https://opac.biblio.iteso.mx/vufind/Record/000205868